| 000 | 00452nam a2200097Ia 4500 | ||
|---|---|---|---|
| 008 | 180130s9999 xx 000 0 und d | ||
| 245 |
_cHo, Anh Thu Phan; Hoang, Bao An Mai; Sawaya, Wadih; Bas, Patrick _aDocument authentication using graphical codes: reliable performance analysis and channel optimization |
||
| 260 | _c2016 | ||
| 300 | _aBook title: Handbook of information security--Acession number C20533; pages 126-142 | ||
| 650 | _aINFORMATION SECURITY | ||
| 999 |
_c354096 _d354096 |
||